Olasz egyetemi kórus Szegeden

Elmentve itt :
Bibliográfiai részletek
Dokumentumtípus: Cikk
Megjelent: 1995-10-04
Sorozat:Délmagyarország 85 No. 233
Kulcsszavak:Külföldi vendég, olasz egyetemi kórus
Online Access:http://dmarchiv.bibl.u-szeged.hu/79408
LEADER 00427nab a2200145 i 4500
001 delm79408
005 20191015094534.0
008 191015s1995 hu o 0|| hun d
040 |a SZTE Délmagyarország Archívum  |b hun 
041 |a hun 
245 0 0 |a Olasz egyetemi kórus Szegeden  |h [elektronikus dokumentum] 
260 |c 1995-10-04 
300 |a 6 
490 0 |a Délmagyarország  |v 85 No. 233 
695 |a Külföldi vendég, olasz egyetemi kórus